000 00290nam a22001337a 4500
008 210226b ||||| |||| 00| 0 eng d
020 _a0314931759
041 _aeng
080 _a510
100 _a36
101 _aMAT
245 _aFundamentals of Calculus
_cEvans,R.J
942 _2udc
_cBK
999 _c55289
_d55289